000 00947nam a2200265 i 4500
001 62758
003 ES-MaACL
005 20230906164726.0
007 t|
008 031125s1975 sp ||||1| spa d
020 _a84-00-04109-7
080 _a248.214
080 _a875 Sofronio, San, Patriarca de Jerusalén 7 Thaumata.06
100 1 _aFernández Marcos, Natalio.
_949891
245 1 4 _aLos Thaumata de Sofronio :
_bcontribución al estudio de la incubatio cristiana /
_cpor Natalio Fernández Marcos.
260 _aMadrid :
_bInstituto "Antonio de Nebrija",
_c1975.
300 _aXXVI, 409 p. ;
_c25 cm.
490 1 _aManuales y anejos de Emérita ;
_v31
546 _aTexto en español y griego.
600 0 4 _aSofronio,
_cSanto, Patriarca de Jerusalén.
_9174588
710 2 _aInstituto Antonio de Nebrija.
_94795
830 1 _aManuales y anejos de Emérita ;
_v31
_9183691
852 4 _aES-MaACL
_jE-7599
999 _c62758
_d62758